Guess the Louis Tomlinson song with no hints #7 - Statistics

General Stats
  • This quiz has been taken 75 times
  • The average score is 306 of 387
Answer Stats
Answer % Correct
I
100%
a
97%
to
97%
you
97%
You
97%
and
95%
And
95%
the
95%
We
95%
your
95%
me,
92%
me
92%
on
92%
when
92%
all
89%
All
89%
do
89%
it
89%
No,
89%
no
89%
so
89%
be
87%
by
87%
my
87%
of
87%
say
87%
say,
87%
you're
87%
Been
84%
been
84%
but
84%
But
84%
I'm
84%
I've
84%
Never
84%
never
84%
too
84%
what
84%
have
82%
in
82%
it's
82%
just
82%
Just
82%
know
82%
like
82%
Not
82%
not
82%
that
82%
this
82%
We're
82%
don't
79%
(Don't
79%
for
79%
night
79%
night,
79%
how
76%
(Oh)
76%
(Ooh)
76%
(Ooh,
76%
ooh,
76%
ooh)
76%
up
76%
keep
74%
only
74%
our
74%
them
74%
can't
71%
Take
71%
tell
71%
come
68%
easy,
68%
get
68%
right
68%
still
68%
under
68%
wake
68%
being
66%
defenceless
66%
Defenceless
66%
didn't
66%
dreams
66%
easier
66%
feel
66%
lost
66%
loved
66%
need
66%
problems
66%
sure
66%
truth
66%
wanna
66%
buildin'
63%
fences
63%
flame
63%
Got
63%
hate
63%
head,
63%
into
63%
much
63%
sleepin'
63%
Wish
63%
lose
61%
morning
61%
solve
61%
strong
61%
thing
61%
Tryna
61%
again
58%
find
58%
moth
58%
runnin'
58%
sheets
58%
they're
58%
Acting
55%
tired
55%
early
53%
inside
53%
pain,
53%
we'll
53%
asking
50%
tough
50%
hope
45%
pride
45%
prove
42%
spinnin'
42%
lines
37%
defensive)
16%
No matching quizzes found
Score Distribution
Percent of People with Each Score
Percentile by Number Answered
Your Score History
You have not taken this quiz